000 00731nam a22002057a 4500
003 BD-DhCDI
005 20260401081246.0
008 260401b bg ||||| |||| 00| 0 ben d
020 _a978 984 697 029 6
_qHard Cover
040 _aBD-DhCDI
_bBD-DhCDI
_cBD-DhCDI
082 _223
_a891.443
_bHAS 2026
100 _aহাসান, ফেরদৌস
_eলেখক
_91784
245 _aসাদা-কালো /
_cফেরদৌস হাসান
246 _aSadha-kalo
260 _aDhaka;
_bজিনিয়াস,
_cবইমেলা ২০২৬.
300 _a176 p.:
_c21.5 cm.
650 _aBangla Literature
_91785
651 _aবাংলা উপন্যাস/গল্প
_zBangladesh
_91786
942 _2ddc
_cBK
999 _c955
_d955